[Event "Puri Odisha op"]
[Site "Puri"]
[Date "2017.12.16"]
[Round "8"]
[White "Manish, Kumar"]
[Black "Nayak, Rajesh"]
[Result "0-1"]
[WhiteElo "1843"]
[BlackElo "2211"]
[PlyCount "86"]
[EventDate "2017.12.14"]
[EventType "swiss"]
[EventRounds "9"]
[EventCountry "IND"]
[SourceTitle "CBM 182 Extra"]
[Source "ChessBase"]
[SourceDate "2018.02.23"]
[SourceVersion "1"]
[SourceVersionDate "2018.02.23"]
[SourceQuality "1"]

1. f4 f5 2. Nf3 Nf6 3. b3 g6 4. Bb2 Bg7 5. e3 b6 6. Be2 Bb7 7. 0-0 0-0 8. Qe1 e6 9. d3 Nc6 10. Nbd2 a5 11. a3 Qe7 12. c4 Ng4 13. Bxg7 Qxg7 14. Qc1 Nxe3 15. Re1 Nd4 16. Bd1 Ng4 17. Ne5 Nxe5 18. fxe5 Qh6 19. Nf3 Qxc1 20. Rxc1 Bxf3 21. Bxf3 Ra7 22. Rb1 Kf7 23. Rec1 c5 24. b4 axb4 25. axb4 Ra3 26. bxc5 bxc5 27. Rb7 Ke7 28. Rd1 Ra2 29. Rdb1 Rc8 30. R1b2 Ra3 31. Rd2 g5 32. h3 h5 33. Bxh5 Nc6 34. Be2 Nxe5 35. d4 cxd4 36. Rxd4 Ra2 37. Kf1 Rc2 38. Kf2 Ra8 39. Rb1 Raa2 40. Re1 Nxc4 41. Rd3 Ne5 42. Re3 Ng6 43. g3 f4 0-1

[Event "Puri Odisha op"]
[Site "Puri"]
[Date "2017.12.15"]
[Round "5"]
[White "Baivab, Mishra"]
[Black "Manish, Kumar"]
[Result "1-0"]
[WhiteElo "2152"]
[BlackElo "1843"]
[PlyCount "45"]
[EventDate "2017.12.14"]
[EventType "swiss"]
[EventRounds "9"]
[EventCountry "IND"]
[SourceTitle "CBM 182 Extra"]
[Source "ChessBase"]
[SourceDate "2018.02.23"]
[SourceVersion "1"]
[SourceVersionDate "2018.02.23"]
[SourceQuality "1"]

1. d4 Nf6 2. c4 g6 3. Nc3 Bg7 4. e4 d6 5. h3 0-0 6. Be3 e5 7. d5 a5 8. g4 Na6 9. Nge2 Nc5 10. Ng3 Kh8 11. Be2 Ng8 12. Qd2 Ne7 13. 0-0-0 b6 14. Rdg1 Bd7 15. h4 f5 16. gxf5 gxf5 17. Nh5 Rf7 18. Nxg7 Rxg7 19. Bh6 Rxg1+ 20. Rxg1 Qe8 21. Bg7+ Kg8 22. Qh6 Ng6 23. h5 1-0